[Event "ECCC 2013"]
[Site "Rhodes"]
[Date "2013.10.21"]
[Round "2"]
[White "Wilger, Frank"]
[Black "Mavreas, Dimitrios"]
[Result "1/2-1/2"]
[WhiteElo "2107"]
[BlackElo "1996"]
[PlyCount "80"]
[EventDate "2013.10.20"]
[EventType "team"]
[EventRounds "7"]
[EventCountry "GRE"]
[WhiteTeam "CE De Sprenger Echternach"]
[BlackTeam "Ippotis Rodou"]

1. d4 Nf6 2. Nf3 g6 3. b3 Bg7 4. e3 c5 5. Bb2 O-O 6. Be2 d6 7. O-O Nc6 8. d5
Nb8 9. c4 e6 10. dxe6 Bxe6 11. Nc3 h6 12. Qd2 Qe7 13. Rad1 Rd8 14. h3 Nc6 15.
Nh2 d5 16. cxd5 Nxd5 17. Nxd5 Bxd5 18. Qc1 Bxb2 19. Qxb2 Qe5 20. Qc1 b6 21. Ng4
Qg7 22. Rd2 h5 23. Nh2 Qf6 24. Rfd1 Be4 25. Bf3 Bxf3 26. Nxf3 Kg7 27. e4 Rxd2
28. Rxd2 Rd8 29. Rxd8 Qxd8 30. Qe3 Qd1+ 31. Kh2 Qc2 32. e5 Qf5 33. a4 Nd8 34.
Nd2 Nc6 35. Nc4 Qe6 36. Qe4 Nd4 37. Qe3 Qd5 38. Qd3 Qe6 39. Qe3 Qd5 40. Qd3 Qe6
1/2-1/2

[Event "ECCC 2013"]
[Site "Rhodes"]
[Date "2013.10.21"]
[Round "2"]
[White "Rousos, Stamatios"]
[Black "Oberweis, Paul"]
[Result "0-1"]
[WhiteElo "1369"]
[BlackElo "2052"]
[PlyCount "164"]
[EventDate "2013.10.20"]
[EventType "team"]
[EventRounds "7"]
[EventCountry "GRE"]
[WhiteTeam "Ippotis Rodou"]
[BlackTeam "CE De Sprenger Echternach"]

1. e4 c5 2. Nf3 e6 3. d4 cxd4 4. Nxd4 Nf6 5. Bd3 Nc6 6. Nb3 d5 7. exd5 exd5 8.
O-O Be7 9. Nc3 O-O 10. Bg5 Bg4 11. Qd2 Rc8 12. Bxf6 Bxf6 13. Nxd5 Bxb2 14. Rab1
Ba3 15. h3 Be6 16. Nf4 Bd7 17. Rfd1 Ne5 18. Be4 Qg5 19. Qd4 Rc4 20. Qe3 Bc6 21.
Bxc6 Nxc6 22. Nd2 Bc5 23. Ne6 Bxe3 24. Nxg5 Bxd2 25. Rxd2 b6 26. a3 h6 27. Nf3
Rc8 28. Rbd1 Rc3 29. Ra1 Na5 30. Ra2 Nc4 31. Rd3 Na5 32. Nd4 Rxd3 33. cxd3 Rd8
34. Nb5 Rxd3 35. Nxa7 Rd7 36. Nc8 Rd1+ 37. Kh2 Rb1 38. a4 Rb4 39. Ne7+ Kf8 40.
Nd5 Rb3 41. Rc2 Ke8 42. Re2+ Kd7 43. Rd2 Kc6 44. Ne7+ Kc5 45. Rc2+ Nc4 46. Ra2
Rb2 47. Ra1 Rxf2 48. Kg3 Rb2 49. Nf5 Rb3+ 50. Kh4 Ra3 51. Rc1 Rxa4 52. Nxg7 b5
53. Kh5 b4 54. Kxh6 b3 55. h4 b2 56. Rb1 Ra6+ 57. Kh7 Ra1 58. Rxb2 Nxb2 59. h5
Rg1 60. h6 Rh1 61. g4 Nd3 62. g5 Kd6 63. Kg8 Ne5 64. h7 Ng6 65. Kxf7 Nh8+ 66.
Kg8 Ng6 67. Nf5+ Ke6 68. Ng7+ Ke7 69. Nf5+ Ke6 70. Ng7+ Kd7 71. Kf7 Nh8+ 72.
Kg8 Ng6 73. Kf7 Nh8+ 74. Kg8 Ke7 75. Kxh8 Kf7 76. Nf5 Ra1 77. Nh6+ Kg6 78. Ng8
Ra7 79. Nf6 Ra8+ 80. Ng8 Ra7 81. Nf6 Rb7 82. Ng8 Rxh7# 0-1

[Event "ECCC 2013"]
[Site "Rhodes"]
[Date "2013.10.21"]
[Round "2"]
[White "Swinkels, Robin"]
[Black "Murray, David"]
[Result "0-1"]
[WhiteElo "2536"]
[BlackElo "2162"]
[PlyCount "122"]
[EventDate "2013.10.20"]
[EventType "team"]
[EventRounds "7"]
[EventCountry "GRE"]
[WhiteTeam "SK 47 Eynatten"]
[BlackTeam "Gonzaga"]

1. d4 Nf6 2. c4 e6 3. g3 Bb4+ 4. Bd2 a5 5. Bg2 O-O 6. e4 d5 7. e5 Nfd7 8. a3
Be7 9. cxd5 Nb6 10. dxe6 Qxd4 11. Ne2 Qxe5 12. exf7+ Rxf7 13. Nbc3 Na6 14. O-O
c6 15. Bf4 Qh5 16. Qb3 Bc5 17. Be3 a4 18. Nxa4 Nxa4 19. Nf4 Qe5 20. Qxa4 Bxe3
21. fxe3 Qxe3+ 22. Kh1 Nc7 23. Qb4 Qe7 24. Qb3 Ra5 25. Rae1 Qf8 26. Rf2 Rb5 27.
Qa2 Rbf5 28. Be4 R5f6 29. Rd2 Kh8 30. Bg2 Re7 31. Rxe7 Qxe7 32. Re2 Qd8 33. Qb3
Ne6 34. Qe3 Nxf4 35. gxf4 Bg4 36. Rd2 Qf8 37. Qb6 Rd6 38. Qb4 Rd8 39. h3 Bc8
40. Kh2 h6 41. Qxf8+ Rxf8 42. Kg3 Kg8 43. b4 Kf7 44. b5 cxb5 45. Rd5 Re8 46.
Kf2 Re7 47. Rxb5 Rc7 48. Rb3 Kf6 49. Be4 Re7 50. Kf3 Bxh3 51. Bxb7 Be6 52. Rb5
Rxb7 53. Ra5 Rb3+ 54. Ke4 g6 55. a4 h5 56. Ra7 h4 57. Rh7 h3 58. a5 Ra3 59. a6
Rxa6 60. Kf3 Ra3+ 61. Kf2 Ra2+ 0-1

[Event "ECCC 2013"]
[Site "Rhodes"]
[Date "2013.10.21"]
[Round "2"]
[White "Freeman, Gordon"]
[Black "Dambacher, Martijn"]
[Result "0-1"]
[WhiteElo "2056"]
[BlackElo "2493"]
[PlyCount "72"]
[EventDate "2013.10.20"]
[EventType "team"]
[EventRounds "7"]
[EventCountry "GRE"]
[WhiteTeam "Gonzaga"]
[BlackTeam "SK 47 Eynatten"]

1. d4 Nf6 2. Nf3 c5 3. c3 b6 4. Bg5 e6 5. e3 Bb7 6. Nbd2 h6 7. Bh4 d6 8. Bd3 g5
9. Bg3 Nh5 10. O-O Bg7 11. a4 Nc6 12. Nc4 Nxg3 13. fxg3 a6 14. Rf2 Rb8 15. Qe2
Qc7 16. Raf1 Nd8 17. Na3 Ra8 18. Nc2 Bc6 19. b3 Bb7 20. e4 cxd4 21. cxd4 O-O
22. Ne3 Nc6 23. Ng4 Nxd4 24. Nxh6+ Bxh6 25. Nxd4 Bg7 26. e5 dxe5 27. Qh5 e4 28.
Nf3 f6 29. Bc4 exf3 30. Bxe6+ Rf7 31. Bf5 fxg2 32. Re1 Bd5 33. Qh7+ Kf8 34. b4
Re7 35. Rd1 Qe5 36. Rfd2 Qe1+ 0-1

[Event "ECCC 2013"]
[Site "Rhodes"]
[Date "2013.10.21"]
[Round "2"]
[White "Hoffmann, Michael"]
[Black "Joyce, John"]
[Result "1-0"]
[WhiteElo "2462"]
[BlackElo "2174"]
[PlyCount "93"]
[EventDate "2013.10.20"]
[EventType "team"]
[EventRounds "7"]
[EventCountry "GRE"]
[WhiteTeam "SK 47 Eynatten"]
[BlackTeam "Gonzaga"]

1. d4 f5 2. c4 Nf6 3. Nc3 e6 4. e3 Bb4 5. Qc2 b6 6. Bd3 Bb7 7. f3 Bxc3+ 8. Qxc3
Nh5 9. Nh3 Qh4+ 10. Nf2 Qg5 11. Bf1 Qe7 12. Be2 c5 13. O-O O-O 14. Rd1 d6 15.
b4 Nd7 16. Bb2 Nhf6 17. dxc5 dxc5 18. Ba3 cxb4 19. Bxb4 Nc5 20. Nd3 Nfd7 21.
Rab1 Rac8 22. Qa3 Qg5 23. Nf4 Rf6 24. Rb2 Rh6 25. Rbd2 Ne5 26. Bxc5 bxc5 27.
Qa5 Nc6 28. Qxc5 e5 29. Rd7 exf4 30. Rxb7 fxe3 31. Rbd7 Rg6 32. Qd5+ Kh8 33. f4
Qh4 34. g3 Qf6 35. c5 h5 36. Bxh5 Rh6 37. Be2 Qb2 38. Qf3 Re8 39. R7d3 Rhe6 40.
a3 g6 41. Kf1 Re4 42. Rd6 Nd4 43. Qg2 Kg7 44. Rd7+ R8e7 45. R1xd4 Rxd4 46.
Rxe7+ Kf8 47. Rxe3 1-0

[Event "ECCC 2013"]
[Site "Rhodes"]
[Date "2013.10.21"]
[Round "2"]
[White "Delaney, Killian"]
[Black "Koch, Thomas"]
[Result "0-1"]
[WhiteElo "2129"]
[BlackElo "2437"]
[PlyCount "50"]
[EventDate "2013.10.20"]
[EventType "team"]
[EventRounds "7"]
[EventCountry "GRE"]
[WhiteTeam "Gonzaga"]
[BlackTeam "SK 47 Eynatten"]

1. e4 c5 2. c3 d5 3. exd5 Qxd5 4. d4 e6 5. Nf3 Nf6 6. Na3 a6 7. Nc4 Nbd7 8. Be2
cxd4 9. Qxd4 Bc5 10. Qxd5 Nxd5 11. a4 O-O 12. a5 Re8 13. O-O e5 14. Rd1 e4 15.
Rxd5 exf3 16. Bf1 fxg2 17. Kxg2 b5 18. Nd6 Bxd6 19. Rxd6 Bb7+ 20. Kg3 Nc5 21.
Rb6 Re1 22. Be3 Ne4+ 23. Kf3 Nd2+ 24. Kf4 Rxa1 25. Bxd2 Rxf1 0-1

[Event "ECCC 2013"]
[Site "Rhodes"]
[Date "2013.10.21"]
[Round "2"]
[White "Coenen, Norbert"]
[Black "Hayes, Peter J"]
[Result "1-0"]
[WhiteElo "2316"]
[BlackElo "2029"]
[PlyCount "101"]
[EventDate "2013.10.20"]
[EventType "team"]
[EventRounds "7"]
[EventCountry "GRE"]
[WhiteTeam "SK 47 Eynatten"]
[BlackTeam "Gonzaga"]

1. e4 e6 2. d4 d5 3. Nd2 Nf6 4. e5 Nfd7 5. Bd3 c5 6. c3 Nc6 7. Ne2 cxd4 8. cxd4
f6 9. exf6 Nxf6 10. Nf3 Bd6 11. O-O Qc7 12. Nc3 a6 13. Bg5 O-O 14. Bh4 g6 15.
Bg3 Nh5 16. Bxd6 Qxd6 17. Re1 Bd7 18. Bf1 Rf4 19. g3 Rf6 20. Ne5 Ng7 21. Qd2
Nf5 22. Nxc6 Qxc6 23. Bh3 Nd6 24. b3 Rc8 25. Rac1 Rf3 26. Na4 Nc4 27. Qe2 Rcf8
28. bxc4 Qxa4 29. Bxe6+ Bxe6 30. Qxe6+ Kh8 31. Qe5+ R8f6 32. Qe8+ Qxe8 33.
Rxe8+ Kg7 34. Re2 dxc4 35. Rxc4 b5 36. Rc7+ Kh6 37. Rd2 Rd6 38. Kf1 Rf5 39. Ke2
Re6+ 40. Kd1 Rd6 41. Kc2 Rf3 42. Rc3 Rf5 43. Re3 g5 44. Re4 Kg6 45. Kd3 Kf6 46.
f4 gxf4 47. g4 Rfd5 48. h4 h6 49. Rxf4+ Kg6 50. Rc2 a5 51. Rc8 1-0

[Event "ECCC 2013"]
[Site "Rhodes"]
[Date "2013.10.21"]
[Round "2"]
[White "Byrne, Ray"]
[Black "Philipowski, Robert"]
[Result "1-0"]
[WhiteElo "1995"]
[BlackElo "2298"]
[PlyCount "75"]
[EventDate "2013.10.20"]
[EventType "team"]
[EventRounds "7"]
[EventCountry "GRE"]
[WhiteTeam "Gonzaga"]
[BlackTeam "SK 47 Eynatten"]

1. d4 d5 2. c4 c6 3. Nf3 Nf6 4. cxd5 cxd5 5. Nc3 Nc6 6. Bf4 a6 7. e3 Bg4 8. h3
Bxf3 9. Qxf3 Qb6 10. Rb1 e6 11. Be2 Be7 12. O-O O-O 13. Rfc1 Rfc8 14. Qg3 Na5
15. Be5 Nc4 16. Bxc4 Rxc4 17. b3 Rc6 18. e4 Rac8 19. exd5 exd5 20. Ne2 g6 21.
Rxc6 Rxc6 22. Nf4 Qd8 23. Qd3 Ne4 24. Ne2 Qc8 25. Nf4 Nc3 26. Re1 Bg5 27. Qf3
Bxf4 28. Bxf4 Ne4 29. Be5 f6 30. Bf4 Rc2 31. Rxe4 dxe4 32. Qxe4 Rxa2 33. Qd5+
Kg7 34. Qd6 Qe8 35. Qc7+ Kh8 36. Bh6 Qg8 37. Qe7 Ra1+ 38. Kh2 1-0

[Event "ECCC 2013"]
[Site "Rhodes"]
[Date "2013.10.21"]
[Round "2"]
[White "Lendwai, Reinhard"]
[Black "Moen, Andreas"]
[Result "1-0"]
[WhiteElo "2379"]
[BlackElo "2390"]
[PlyCount "137"]
[EventDate "2013.10.20"]
[EventType "team"]
[EventRounds "7"]
[EventCountry "GRE"]
[WhiteTeam "SK Advisory Invest Baden"]
[BlackTeam "Oslo Schakselskap"]

1. d4 Nf6 2. c4 c6 3. Nc3 d5 4. cxd5 cxd5 5. Bf4 Nc6 6. e3 a6 7. Bd3 Bg4 8.
Nge2 e6 9. Rc1 Be7 10. O-O O-O 11. Bg3 Bh5 12. f3 Bg6 13. Bxg6 hxg6 14. Kh1 Rc8
15. Na4 Nd7 16. a3 Na5 17. b4 Nc4 18. Qd3 b6 19. Rc2 Nf6 20. Nb2 b5 21. Nxc4
bxc4 22. Qd2 a5 23. Rb1 axb4 24. axb4 Qb6 25. Be1 Ra8 26. Ra2 Ra7 27. Rxa7 Qxa7
28. b5 Rb8 29. Qa5 Qxa5 30. Bxa5 Bd6 31. b6 Ra8 32. Rb5 Nd7 33. b7 Ra6 34. e4
dxe4 35. fxe4 Kf8 36. g3 Ke8 37. Nc3 Bb8 38. Na4 Rc6 39. d5 exd5 40. exd5 Ra6
41. Kg2 f5 42. Nb2 c3 43. Bxc3 Rb6 44. Rxb6 Nxb6 45. Bxg7 Nxd5 46. Nd3 Kd7 47.
Be5 Bxe5 48. Nxe5+ Kc7 49. Nxg6 Kxb7 50. Nh4 f4 51. g4 Kc7 52. Kf3 Kd6 53. Ng6
Nf6 54. Kxf4 Ke6 55. h4 Kf7 56. Ne5+ Kg7 57. h5 Nd5+ 58. Kg5 Ne7 59. Nf3 Nd5
60. Nd4 Kh7 61. Nf5 Nc7 62. Kh4 Ne6 63. g5 Nf4 64. Kg4 Ne6 65. g6+ Kg8 66. h6
Nf8 67. Ne7+ Kh8 68. g7+ Kh7 69. g8=Q+ 1-0

[Event "ECCC 2013"]
[Site "Rhodes"]
[Date "2013.10.21"]
[Round "2"]
[White "Stubberud, Ornulf"]
[Black "Ganaus, Hannes"]
[Result "1-0"]
[WhiteElo "2327"]
[BlackElo "2302"]
[PlyCount "105"]
[EventDate "2013.10.20"]
[EventType "team"]
[EventRounds "7"]
[EventCountry "GRE"]
[WhiteTeam "Oslo Schakselskap"]
[BlackTeam "SK Advisory Invest Baden"]

1. c4 g6 2. g3 Bg7 3. Bg2 d6 4. Nc3 c6 5. e4 Na6 6. Nge2 e5 7. O-O Nf6 8. d3
O-O 9. h3 Nd7 10. Be3 Qe7 11. Qd2 Nac5 12. Rad1 a5 13. b3 Re8 14. Kh2 Ne6 15.
d4 exd4 16. Nxd4 Nec5 17. Nde2 Bf8 18. g4 f6 19. Ng3 Ne5 20. f4 Nf7 21. Rfe1
Qc7 22. Bd4 Be7 23. Qf2 b6 24. Rf1 Rf8 25. Rb1 Bb7 26. a3 Nd7 27. Rfc1 Nd8 28.
b4 axb4 29. axb4 Ne6 30. Be3 Ng7 31. Rc2 Rfe8 32. Nce2 Bf8 33. Nd4 Ne6 34. Nf3
Ng7 35. Nd4 Ne6 36. Nf3 Ng7 37. h4 c5 38. b5 f5 39. exf5 Nf6 40. Bh3 Ne4 41.
Nxe4 Bxe4 42. Rbc1 Bxc2 43. Rxc2 gxf5 44. gxf5 Qe7 45. Bc1 Nh5 46. Ng5 Bg7 47.
Qf3 Nf6 48. Ne6 Kh8 49. Rg2 Bh6 50. Bb2 Rg8 51. Qc3 Rxg2+ 52. Bxg2 Bg7 53. Nxg7
1-0

[Event "ECCC 2013"]
[Site "Rhodes"]
[Date "2013.10.21"]
[Round "2"]
[White "Dzierzenga, Stefan"]
[Black "Dolzhikova, Olga"]
[Result "1/2-1/2"]
[WhiteElo "2173"]
[BlackElo "2237"]
[PlyCount "102"]
[EventDate "2013.10.20"]
[EventType "team"]
[EventRounds "7"]
[EventCountry "GRE"]
[WhiteTeam "SK Advisory Invest Baden"]
[BlackTeam "Oslo Schakselskap"]

1. e4 b6 2. d4 Bb7 3. Bd3 g6 4. Nf3 Bg7 5. O-O c5 6. c3 Nf6 7. e5 Nd5 8. dxc5
Nc7 9. cxb6 axb6 10. Re1 O-O 11. Be3 Ne6 12. Nbd2 Nc5 13. Bc2 Qc7 14. Bd4 Nc6
15. a3 Ne6 16. Be4 Rfd8 17. Qe2 Ncxd4 18. cxd4 d6 19. Rac1 Qb8 20. Red1 Bxe4
21. Qxe4 dxe5 22. dxe5 Nc5 23. Qe2 Nd3 24. Rb1 Nxe5 25. h3 Nxf3+ 26. Nxf3 e6
27. Rxd8+ Qxd8 28. Rd1 Qf6 29. Qe4 Rd8 30. Rxd8+ Qxd8 31. Qc2 h6 32. b3 Qf6 33.
a4 Bf8 34. Qd3 Bc5 35. Qd2 Qa1+ 36. Kh2 Qb1 37. Qxh6 Bxf2 38. Qf4 Bc5 39. Qb8+
Kg7 40. Qe5+ Kg8 41. Qb8+ Bf8 42. Qf4 Bc5 43. Qb8+ Kg7 44. Qe5+ f6 45. Qxe6 Qd1
46. h4 Bd6+ 47. g3 Qxf3 48. Qxd6 Qxb3 49. Qc7+ Kg8 50. Qd8+ Kg7 51. Qc7+ Kg8
1/2-1/2

[Event "ECCC 2013"]
[Site "Rhodes"]
[Date "2013.10.21"]
[Round "2"]
[White "Trygstad, Kristian"]
[Black "Herndlbauer, Martin"]
[Result "1-0"]
[WhiteElo "2216"]
[BlackElo "2125"]
[PlyCount "53"]
[EventDate "2013.10.20"]
[EventType "team"]
[EventRounds "7"]
[EventCountry "GRE"]
[WhiteTeam "Oslo Schakselskap"]
[BlackTeam "SK Advisory Invest Baden"]

1. e4 d5 2. exd5 Qxd5 3. Nf3 Bg4 4. Be2 Nc6 5. O-O O-O-O 6. Re1 Nf6 7. h3 Qh5
8. Nc3 e5 9. hxg4 Nxg4 10. Ne4 Nd4 11. d3 f5 12. Ng3 Nxf3+ 13. Bxf3 Qh2+ 14.
Kf1 Nxf2 15. Kxf2 Bc5+ 16. Be3 Bxe3+ 17. Rxe3 f4 18. Re4 Qxg3+ 19. Kg1 h5 20.
Qe1 Qg6 21. Rxe5 Qb6+ 22. Kh2 Rdg8 23. Re6 c6 24. Qe5 g5 25. Re7 g4 26. Be4 Rf8
27. Bf5+ 1-0

[Event "ECCC 2013"]
[Site "Rhodes"]
[Date "2013.10.21"]
[Round "2"]
[White "Williams, Simon K"]
[Black "Hamitevici, Vladimir"]
[Result "0-1"]
[WhiteElo "2463"]
[BlackElo "2490"]
[PlyCount "112"]
[EventDate "2013.10.20"]
[EventType "team"]
[EventRounds "7"]
[EventCountry "GRE"]
[WhiteTeam "Jutes of Kent"]
[BlackTeam "The Smashing Pawns Belvaux"]

1. e4 g6 2. d4 Bg7 3. Nc3 c6 4. Bc4 b5 5. Bb3 e6 6. e5 d5 7. exd6 Nf6 8. Qf3
Nd5 9. Bxd5 exd5 10. Qg3 O-O 11. Nf3 Re8+ 12. Be3 Nd7 13. O-O Nf6 14. Bg5 Nh5
15. Bxd8 Nxg3 16. hxg3 Rxd8 17. Rfe1 Bf5 18. Ne5 Rxd6 19. g4 Be6 20. f3 f6 21.
Nd3 f5 22. Ne5 fxg4 23. fxg4 Bxe5 24. Rxe5 Bxg4 25. Rae1 Rf8 26. a3 Rdf6 27.
Re7 R8f7 28. Na2 Bf5 29. c3 a5 30. Nc1 a4 31. Na2 Be4 32. Rxf7 Kxf7 33. Nb4 Ke7
34. Nd3 Kd6 35. Nc5 Rf4 36. Nb7+ Ke7 37. Re2 h5 38. Nc5 Rg4 39. Kh2 g5 40. g3
h4 41. gxh4 Rxh4+ 42. Kg3 Rf4 43. Rf2 Rxf2 44. Kxf2 Bf5 45. Kf3 Kf6 46. Ke3 Bc8
47. Nd3 Bd7 48. Ne5 Be8 49. Ng4+ Ke6 50. Ne5 Kf5 51. Kf3 c5 52. Ke3 c4 53. Nf3
Kg4 54. Ne1 Kg3 55. Nf3 g4 56. Ng1 Kh2 0-1

[Event "ECCC 2013"]
[Site "Rhodes"]
[Date "2013.10.21"]
[Round "2"]
[White "Weber, Tom"]
[Black "Gretarsson, Hjorvar Steinn"]
[Result "0-1"]
[WhiteElo "2415"]
[BlackElo "2505"]
[PlyCount "38"]
[EventDate "2013.10.20"]
[EventType "team"]
[EventRounds "7"]
[EventCountry "GRE"]
[WhiteTeam "The Smashing Pawns Belvaux"]
[BlackTeam "Jutes of Kent"]

1. e4 c5 2. Nc3 a6 3. g3 b5 4. Bg2 Bb7 5. d3 e6 6. f4 d5 7. Nf3 Be7 8. e5 h5 9.
d4 Nh6 10. Ne2 Nf5 11. c3 Nc6 12. dxc5 Bxc5 13. Ned4 Bxd4 14. cxd4 Qb6 15. Qd3
Ncxd4 16. Bd2 Rc8 17. Bc3 Nxf3+ 18. Bxf3 b4 19. Bd2 a5 0-1

[Event "ECCC 2013"]
[Site "Rhodes"]
[Date "2013.10.21"]
[Round "2"]
[White "Harakis, Alexis M"]
[Black "Gengler, Pierre"]
[Result "1-0"]
[WhiteElo "2239"]
[BlackElo "2134"]
[PlyCount "77"]
[EventDate "2013.10.20"]
[EventType "team"]
[EventRounds "7"]
[EventCountry "GRE"]
[WhiteTeam "Jutes of Kent"]
[BlackTeam "The Smashing Pawns Belvaux"]

1. d4 d5 2. c4 e6 3. Nc3 c6 4. Nf3 Nf6 5. Qc2 Nbd7 6. Bf4 a6 7. cxd5 exd5 8. e3
Be7 9. g4 O-O 10. Bd3 g6 11. h4 Nxg4 12. h5 f5 13. hxg6 hxg6 14. O-O-O Ndf6 15.
Rdg1 Nh5 16. Ne5 Nxf4 17. exf4 Nxe5 18. fxe5 Kg7 19. f4 Be6 20. Qh2 Rh8 21. Qg2
g5 22. fxg5 Rxh1 23. Rxh1 Bxg5+ 24. Kb1 Qe7 25. Rg1 Kg6 26. Ne2 Rg8 27. Qh3 Kf7
28. Bxf5 Bxf5+ 29. Qxf5+ Ke8 30. Qc8+ Kf7 31. Rf1+ Kg7 32. Qg4 Rf8 33. Rg1 Rf2
34. Nf4 Rxf4 35. Qxf4 Kg6 36. e6 b6 37. Qf7+ Kh6 38. Rh1+ Bh4 39. Qxe7 1-0

[Event "ECCC 2013"]
[Site "Rhodes"]
[Date "2013.10.21"]
[Round "2"]
[White "Jeitz, Olivier"]
[Black "Rice, Chris B"]
[Result "1-0"]
[WhiteElo "2010"]
[BlackElo "2033"]
[PlyCount "79"]
[EventDate "2013.10.20"]
[EventType "team"]
[EventRounds "7"]
[EventCountry "GRE"]
[WhiteTeam "The Smashing Pawns Belvaux"]
[BlackTeam "Jutes of Kent"]

1. c4 e5 2. Nc3 Nc6 3. g3 f5 4. Bg2 Nf6 5. d3 Bb4 6. Bd2 d6 7. Nf3 O-O 8. O-O
a6 9. a3 Ba5 10. b4 Bb6 11. Qb3 Kh8 12. e3 Qe8 13. a4 Qh5 14. a5 Ba7 15. b5 e4
16. bxc6 exf3 17. cxb7 Bxb7 18. Qxb7 Ng4 19. h3 fxg2 20. Kxg2 Ne5 21. d4 Nxc4
22. Bc1 c5 23. Qxa6 cxd4 24. Qxc4 dxc3 25. Qxc3 Rfc8 26. Qd2 Bc5 27. Bb2 Qf7
28. Kh2 Ra6 29. Rfb1 Rca8 30. Bc3 h6 31. Rb5 R8a7 32. Rab1 Kh7 33. Qd3 Qe6 34.
Rb7 Rxb7 35. Rxb7 Ra7 36. Qb1 Qc8 37. a6 d5 38. Bxg7 Rxa6 39. Bd4+ Kg8 40. Rb8
1-0

[Event "ECCC 2013"]
[Site "Rhodes"]
[Date "2013.10.21"]
[Round "2"]
[White "Cox, John J"]
[Black "Stefansson, Hannes"]
[Result "0-1"]
[WhiteElo "2387"]
[BlackElo "2521"]
[PlyCount "96"]
[EventDate "2013.10.20"]
[EventType "team"]
[EventRounds "7"]
[EventCountry "GRE"]
[WhiteTeam "Barbican 4NCL"]
[BlackTeam "Viking Chess Club"]

1. c4 Nf6 2. g3 c6 3. Nf3 d5 4. Bg2 dxc4 5. O-O Nbd7 6. Na3 Nb6 7. Qc2 Qd5 8.
Ne1 Qf5 9. e4 Qh5 10. Nxc4 e5 11. b3 Nxc4 12. bxc4 Bc5 13. Nd3 Bd4 14. Bb2 O-O
15. Bxd4 exd4 16. f4 Bh3 17. Nf2 Bxg2 18. Kxg2 Ng4 19. Nxg4 Qxg4 20. Rab1 b6
21. d3 Qe6 22. f5 Qf6 23. a4 Rfe8 24. c5 Rab8 25. Rfc1 Qh6 26. Qf2 Red8 27. Qf4
b5 28. Qxh6 gxh6 29. f6 b4 30. a5 b3 31. Rc4 Rb5 32. Rb2 Kf8 33. Kf3 Ke8 34. e5
Rdb8 35. Ke4 Rxa5 36. Kxd4 Ra1 37. Rc3 Ra3 38. Rc1 Rb5 39. e6 fxe6 40. Ke5 Ra2
41. Rbb1 Rc2 42. Kxe6 Rxc1 43. Rxc1 b2 44. Rb1 a5 45. d4 a4 46. d5 cxd5 47. c6
a3 48. Kd6 Rb3 0-1

[Event "ECCC 2013"]
[Site "Rhodes"]
[Date "2013.10.21"]
[Round "2"]
[White "Grafl, Florian"]
[Black "Kjartansson, David"]
[Result "1/2-1/2"]
[WhiteElo "2379"]
[BlackElo "2348"]
[PlyCount "80"]
[EventDate "2013.10.20"]
[EventType "team"]
[EventRounds "7"]
[EventCountry "GRE"]
[WhiteTeam "Barbican 4NCL"]
[BlackTeam "Viking Chess Club"]

1. Nc3 g6 2. h4 h5 3. d4 d5 4. Bg5 Bg7 5. Qd2 c6 6. O-O-O Nh6 7. e4 dxe4 8.
Nxe4 Nf5 9. Ne2 Nd7 10. N2g3 Nb6 11. Nxf5 Bxf5 12. Nc3 Qd6 13. Qe3 e6 14. f3
Nd5 15. Nxd5 Qxd5 16. Be2 e5 17. Qa3 Bf8 18. Qb3 Qxb3 19. axb3 Bg7 20. dxe5
Bxe5 21. Bd3 Bxd3 22. Rxd3 O-O 23. Rd7 f6 24. Be3 Rf7 25. Rhd1 Re8 26. Rd8 Rxd8
27. Rxd8+ Rf8 28. Rd3 b6 29. f4 Bc7 30. g3 Rd8 31. Kd2 Rxd3+ 32. Kxd3 Kf7 33.
Ke4 Ke6 34. Kf3 Kf5 35. Bd4 Bd6 36. Be3 Be7 37. Bd2 Bd6 38. Be3 Be7 39. Bd2 Bd6
40. Be3 Be7 1/2-1/2

[Event "ECCC 2013"]
[Site "Rhodes"]
[Date "2013.10.21"]
[Round "2"]
[White "Dorrington, Chris J"]
[Black "Runarsson, Gunnar"]
[Result "1-0"]
[WhiteElo "2313"]
[BlackElo "2074"]
[PlyCount "117"]
[EventDate "2013.10.20"]
[EventType "team"]
[EventRounds "7"]
[EventCountry "GRE"]
[WhiteTeam "Barbican 4NCL"]
[BlackTeam "Viking Chess Club"]

1. d4 Nf6 2. c4 e6 3. Nc3 d5 4. Bg5 Be7 5. e3 O-O 6. Nf3 h6 7. Bh4 dxc4 8. Bxc4
b6 9. O-O Bb7 10. Bd3 Nd5 11. Bg3 Nxc3 12. bxc3 Bd6 13. Ne5 Bxe5 14. Bxe5 Nd7
15. Bg3 c5 16. Qe2 Qe7 17. Rad1 e5 18. Bb5 exd4 19. cxd4 a6 20. Bxd7 Qxd7 21.
d5 Rad8 22. e4 Rfe8 23. Qc2 Qe7 24. f3 f5 25. Rfe1 fxe4 26. fxe4 Kh8 27. Qf2
Rf8 28. Bh4 g5 29. Qb2+ Qg7 30. Qxg7+ Kxg7 31. Bg3 b5 32. Bc7 Rd7 33. d6 Re8
34. e5 Re6 35. Rd2 Kg6 36. h3 h5 37. Bb6 c4 38. Ba5 Bc6 39. Bc3 Rb7 40. a3 Rd7
41. Rf1 g4 42. hxg4 h4 43. Rdf2 Rd8 44. Kh2 Rde8 45. Rf6+ Kg7 46. Rf7+ Kg6 47.
R1f6+ Rxf6 48. Rxf6+ Kh7 49. e6 Rd8 50. Rf7+ Kh6 51. d7 Rg8 52. Bd2+ Kg6 53.
Ba5 Bxd7 54. Rxd7 Re8 55. e7 Kf6 56. Bb4 a5 57. Bxa5 Kf7 58. Bb4 Rc8 59. Rd8
1-0

[Event "ECCC 2013"]
[Site "Rhodes"]
[Date "2013.10.21"]
[Round "2"]
[White "Agopov, Mikael"]
[Black "Seitaj, Ilir"]
[Result "1-0"]
[WhiteElo "2434"]
[BlackElo "2378"]
[PlyCount "59"]
[EventDate "2013.10.20"]
[EventType "team"]
[EventRounds "7"]
[EventCountry "GRE"]
[WhiteTeam "Chess Club Velhot"]
[BlackTeam "Klubi Sportiv "]

1. e4 e5 2. Nf3 Nc6 3. Bb5 a6 4. Ba4 Nf6 5. O-O Be7 6. Re1 b5 7. Bb3 O-O 8. h3
Bb7 9. d3 d6 10. a3 Nd7 11. Nc3 Nd4 12. Nxd4 exd4 13. Nd5 Nc5 14. Ba2 Kh8 15.
Bd2 Qd7 16. f4 Bh4 17. Rf1 Na4 18. Qh5 Bd8 19. f5 Bxd5 20. Bxd5 c6 21. Bb3 Bf6
22. g4 Nc5 23. Ba2 Be5 24. g5 Qe8 25. Rf2 Nd7 26. Raf1 Ra7 27. Rf4 Bxf4 28.
Rxf4 g6 29. Qh6 Ne5 30. f6 1-0

[Event "ECCC 2013"]
[Site "Rhodes"]
[Date "2013.10.21"]
[Round "2"]
[White "Mihasi, Lime"]
[Black "Valli, Frans"]
[Result "0-1"]
[WhiteElo "2030"]
[BlackElo "2282"]
[PlyCount "54"]
[EventDate "2013.10.20"]
[EventType "team"]
[EventRounds "7"]
[EventCountry "GRE"]
[WhiteTeam "Klubi Sportiv "]
[BlackTeam "Chess Club Velhot"]

1. e4 d5 2. exd5 Qxd5 3. d4 e5 4. Be3 exd4 5. Qxd4 Qxd4 6. Bxd4 Nc6 7. Bb5 Bd7
8. Nf3 O-O-O 9. Be3 Nb4 10. Bxd7+ Rxd7 11. Na3 Nd5 12. Nc4 Nxe3 13. Nxe3 Bc5
14. Nf5 g6 15. Ng3 Re7+ 16. Kf1 Nf6 17. Ne1 Rhe8 18. Nd3 Bd4 19. h4 c5 20. c3
c4 21. Ne1 Bc5 22. Rh3 Ng4 23. Nh1 Re2 24. f3 Nf2 25. Ng3 Rxb2 26. Ne4 Nxh3 27.
gxh3 Rxe4 0-1

[Event "ECCC 2013"]
[Site "Rhodes"]
[Date "2013.10.21"]
[Round "2"]
[White "Hokkanen, Petri"]
[Black "Mejdini, Murat"]
[Result "1-0"]
[WhiteElo "2301"]
[BlackElo "1977"]
[PlyCount "47"]
[EventDate "2013.10.20"]
[EventType "team"]
[EventRounds "7"]
[EventCountry "GRE"]
[WhiteTeam "Chess Club Velhot"]
[BlackTeam "Klubi Sportiv "]

1. e4 c5 2. Nf3 e6 3. c3 Nc6 4. d4 d5 5. e5 cxd4 6. cxd4 Bb4+ 7. Nc3 Bd7 8. Bd2
a6 9. a3 Be7 10. b4 Na7 11. Bd3 h5 12. h4 Nh6 13. g3 b5 14. O-O Nc8 15. a4 Na7
16. axb5 Bxb5 17. Nxb5 axb5 18. Ra5 Nf5 19. Qa1 Qb6 20. Bxb5+ Kf8 21. Rc1 Rb8
22. Bd3 Nc8 23. Rb5 Nxd4 24. Nxd4 1-0

[Event "ECCC 2013"]
[Site "Rhodes"]
[Date "2013.10.21"]
[Round "2"]
[White "Mihasi, Erald"]
[Black "Kosmo, Santul"]
[Result "0-1"]
[WhiteElo "1862"]
[BlackElo "2237"]
[PlyCount "52"]
[EventDate "2013.10.20"]
[EventType "team"]
[EventRounds "7"]
[EventCountry "GRE"]
[WhiteTeam "Klubi Sportiv "]
[BlackTeam "Chess Club Velhot"]

1. d4 Nf6 2. Bf4 g6 3. e3 Bg7 4. Nf3 d6 5. Bc4 Nh5 6. Bg5 h6 7. Bh4 g5 8. Bg3
Nxg3 9. hxg3 c5 10. c3 Nd7 11. Nxg5 d5 12. Bxd5 e6 13. Nxe6 fxe6 14. Bxe6 Nf6
15. Bb3 Qe7 16. Nd2 Bg4 17. Nf3 O-O-O 18. Qd3 Ne4 19. Nd2 Nxg3 20. fxg3 cxd4
21. Bd1 Bxd1 22. Rxd1 dxc3 23. Qc4+ Kb8 24. Ne4 Rxd1+ 25. Kxd1 cxb2 26. Nd2 Rc8
0-1